000 01372nam a22003371i 4500
999 _c173864
_d173864
003 OSt
005 20190818151030.0
007 ta
008 190818s2019 my a|||jr|||| 000 | eng d
020 _a9789672235149
_cRM 24.75
_qpaperback
020 _a9789672235095 (set)
_cRM 198.00
_qpaperback
040 _aPPAK
_beng
_cPPAK
_erda
082 0 4 _223
_a741.5973
090 _a741.5973
_bSTA
_dK
100 1 _aStahlberg, L.R.
_tretelling author
245 1 0 _aTHE THREE MUSKETEERS /
_cL.R. STAHLBERG & EVA CABRERA
264 1 _aSelangor :
_bPENERBITAN ILMU PINTAR,
_c2019
300 _a69 pages :
_bcolour illustrations ;
_c23 cm
336 _2rdacontent
_atext
337 _2rdamedia
_aunmediated
338 _2rdacarrier
_avolume
490 1 _aGreat Graphic Novel
520 _aD'Artagnan wants nothing more than to become a Musketeer. It's not just the fame and fortune he seeks in service of the King's army. He wants to be a part of something important. When a plot from the Cardinal threatens the Queen, d'Artagnan and his three new friends will stop at nothing to keep her and the realm safe.
600 1 _aDumas's, Alexandre.
_tThe Three Musketeers.
650 1 0 _aGraphic novels.
650 2 0 _aComic books, strips, etc.
650 2 0 _aChildren's stories, English.
700 1 _aCabrera, Eva.
_eillustrator.
830 0 _aGreat Graphic Novel
942 _2ddc
_cB